000 00635cam a22002053a 4500
001 45468
003 PGUSA
005 20140828084042.0
008 140424s2014||||xxu|||||s|||||000 | eng d
040 _aPGUSA
_beng
042 _adc
100 1 _aVerhaeren, Emile,
_d1855-1916
245 1 0 _aLes Heures du Soir - Précédées de les Heures claires, Les Heures d'après-midi
_h[electronic resource] /
_cEmile Verhaeren
260 _bProject Gutenberg,
_c2014
506 _aPublic domain in the USA.
516 _aElectronic text
830 0 _aProject Gutenberg
_v45468
856 4 0 _uhttp://www.gutenberg.org/ebooks/45468
942 _cEB
999 _c274719
_d274719